Lineups: FIFA World Cup Final 2022 - Statistics

General Stats
  • This quiz has been taken 113 times
  • The average score is 17 of 24
Answer Stats
Team # Answer % Correct
Argentina 10 (C) Lionel Messi
99%
Argentina 23 Emiliano Martínez
98%
France 10 Kylian Mbappé
97%
France 1 (C) Hugo Lloris
96%
Argentina 11 Ángel Di María
90%
France 9 Olivier Giroud
77%
Argentina 9 Julián Álvarez
75%
France 7 Antoine Griezmann
74%
France Manager Didier Deschamps
74%
France 11 Ousmane Dembélé
71%
France 4 Raphaël Varane
71%
Argentina 20 Alexis Mac Allister
70%
Argentina 19 Nicolás Otamendi
69%
France 22 Theo Hernández
69%
France 8 Aurélien Tchouaméni
65%
Argentina 24 Enzo Fernández
59%
Argentina 7 Rodrigo de Paul
56%
France 14 Adrien Rabiot
55%
Argentina 13 Cristian Romero
55%
Argentina Manager Lionel Scaloni
55%
France 18 Dayot Upamecano
53%
France 5 Jules Koundé
48%
Argentina 26 Nahuel Molina
48%
Argentina 3 Nicolás Tagliafico
47%
No matching quizzes found
Score Distribution
Percent of People with Each Score
Percentile by Number Answered
Your Score History
You have not taken this quiz